书目信息 |
| 题名: |
全国建筑院系大学生建筑设计竞赛优秀作品集
|
|
| 作者: | 周畅 , 米祥友 主编 | |
| 分册: | ||
| 出版信息: | 北京 中国建筑工业出版社 2007.09 |
|
| 页数: | 217页 | |
| 开本: | 23cm | |
| 丛书名: | ||
| 单 册: | ||
| 中图分类: | TU206 | |
| 科图分类: | ||
| 主题词: | 建筑设计--jian zhu she ji--中国--现代--图集 | |
| 电子资源: | ||
| ISBN: | 978-7-112-09569-8 | |
| 000 | 00913nam0 2200241 450 | |
| 001 | 012007757920 | |
| 005 | 20071229101340.07 | |
| 010 | @a978-7-112-09569-8@dCNY96.00 | |
| 100 | @a20071229d2007 km y0chiy0120 ea | |
| 101 | 0 | @achi |
| 102 | @aCN@b110000 | |
| 105 | @aa z 000yy | |
| 106 | @ar | |
| 200 | 1 | @a全国建筑院系大学生建筑设计竞赛优秀作品集@Aquan guo jian zhu yuan xi da xue sheng jian zhu she ji jing sai you xiu zuo pin ji@f周畅, 米祥友主编@Fzhou chang,mi xiang you zhu bian |
| 210 | @a北京@c中国建筑工业出版社@d2007.09 | |
| 215 | @a217页@c图@d23cm | |
| 330 | @a本书主要包括:2006全国建筑院系大学生建筑设计竞赛通知、2006全国建筑院系大学生建筑设计竞赛获奖作品公告等。 | |
| 606 | 0 | @a建筑设计@Ajian zhu she ji@y中国@z现代@j图集 |
| 690 | @aTU206@v4 | |
| 701 | 0 | @a周畅@Azhou chang@4主编 |
| 701 | 0 | @a米祥友@Ami xiang you@4主编 |
| 801 | 0 | @aCN@bQSSK@c20071229 |
| 905 | @b274848-50@dTU206@eZ752@f3 | |
| 全国建筑院系大学生建筑设计竞赛优秀作品集/周畅, 米祥友主编.-北京:中国建筑工业出版社,2007.09 |
| 217页:图;23cm |
| ISBN 978-7-112-09569-8:CNY96.00 |
| 本书主要包括:2006全国建筑院系大学生建筑设计竞赛通知、2006全国建筑院系大学生建筑设计竞赛获奖作品公告等。 |
| ● |
| 相关链接 |
|
|
|
正题名:全国建筑院系大学生建筑设计竞赛优秀作品集
索取号:TU206/Z752
 
预约/预借
| 序号 | 登录号 | 条形码 | 馆藏地/架位号 | 状态 | 备注 |
| 1 | 274848 | 202748483 | 建筑库101/ [索取号:TU206/Z752] | 在馆 | |
| 2 | 274849 | 202748492 | 建筑与城市规划学院资料室/101建筑库 17排4列2层/ [索取号:TU206/Z752] | 在馆 | |
| 3 | 274850 | 202748508 | 建筑库101/101建筑库 44排5列4层/ [索取号:TU206/Z752] | 在馆 |